00908nam a2200253 a 4500003000500000005001700005008004100022010001000063011001100073020001500084035001100099040000900110082001800119111012900137245009200266260008000358300004900438650002200487650001700509650002900526650001800555700003800573700004300611CHAP20241010124426.0100924s2004 mx a r 10000 spa d a99321 a100293 a9680200574 a110979 cCHAP14a630.2515bC762 aCongreso Nacional de Fenología Agrícola y Modelos de Simulación Aplicados a la Agricultura (d2004:cChapingo, Méx.)10aMemoria de resúmenesc/editado por Ramón Arteaga Ramírez y M. A. Vázquez Peña aChapingo, Méx. :bUACH. Departamentos de Fitotecnia e Irrigación,c2004 a[200 p.] ;bilus., cuadros, gráfs., tablas14aCultivos y clima.14aFenología.14aModelos de simulación.14aTecnología.0 aArteaga Ramírez, Ramóne, ed.1 aVázquez Peña, Mario Albertoe, ed.